Educación y pedagogía : ensayos y controversias /

Aquí se estudian la noción de infancia, los elementos de la pedagogía roussouniana, las funciones de la enseñanza primaria, secundaria y universitaria y el lugar de la educación moral en la vida de los pueblos, una de las mayores preocupaciones de toda mi vida, según el propio autor, quien definió a...

Full description

Bibliographic Details
Main Author: Durkheim, Emile 1858-1917
Other Authors: Castaño, Gonzalo (trad.), Castaño, Inés Elvira (trad.)
Format: Libro
Language:Spanish
Published: Buenos Aires, Argentina Losada 1998
Edition:1a. ed.
Series:Biblioteca pedagógica
Subjects:
Online Access:

MARC

LEADER 00000cam a2200000 a 4500
001 035224
003 UAHC_CL
005 20170803123834.0
008 090824s1998 ag 000 spa
020 |a 9500383829 
040 |a UAHC_CL  |c UAHC_CL  |d UAHC_CL 
082 0 4 |a 370  |b D963  |2 20 
100 1 |a Durkheim, Emile  |d 1858-1917 
245 1 0 |a Educación y pedagogía :  |b ensayos y controversias /  |c Émile Durkheim ; traducción de Inés Elvira Castaño, Gonzalo Castaño. 
250 |a 1a. ed. 
260 |b Losada  |a Buenos Aires, Argentina  |c 1998 
300 |a 218 p. 
490 0 |a Biblioteca pedagógica 
520 |a Aquí se estudian la noción de infancia, los elementos de la pedagogía roussouniana, las funciones de la enseñanza primaria, secundaria y universitaria y el lugar de la educación moral en la vida de los pueblos, una de las mayores preocupaciones de toda mi vida, según el propio autor, quien definió a la educación como un hecho social, como una socialización metódica por medio de la cual la sociedad prepara en el corazón de los niños las condiciones de su propia existencia. 
650 4 |a PEDAGOGIA 
650 4 |a EDUCACION 
653 |a PEDAGOGIA EN EDUCACION BASICA 
653 |a PEDAGOGIA EN EDUCACION DIFERENCIAL 
653 |a PEDAGOGIA EN EDUCACION PARVULARIA 
653 |a PEDAGOGIA EN HISTORIA Y CIENCIAS SOCIALES 
653 |a PEDAGOGIA EN LENGUA CASTELLANA Y COMUNICACION 
653 |a PEDAGOGIA EN MUSICA 
653 |a DIPLOMADO EN EDUCACION EMOCIONAL 
653 |a DOCTORADO EN EDUCACION 
653 |a FORMACION PEDAGOGICA EN ENSENANZA MEDIA 
700 1 |a Castaño, Gonzalo  |e trad. 
700 1 |a Castaño, Inés Elvira  |e trad. 
900 |a M370 DUR 
942 |c BK 
952 |0 0  |1 0  |4 0  |6 M_370_000000000000000_DUR  |7 0  |8 General  |9 66958  |a BC  |b BC  |c General  |d 2017-08-03  |o M370 DUR  |p 1373224  |r 2026-01-13 00:00:00  |t 1  |w 2017-08-03  |y BK 
999 |c 35224  |d 35224